| 000 | 00341nam a2200121Ia 4500 | ||
|---|---|---|---|
| 008 | 150610s9999 xx 000 0 und d | ||
| 020 | _a0 375822747 | ||
| 050 |
_aPZ7 _b.D928 2004 |
||
| 100 | _aDuPrau, Jeanne | ||
| 245 | 4 |
_aThe city of ember / _cJeanne DuPrau. |
|
| 260 |
_aNew York : _bRandom House, _c2004. |
||
| 300 |
_a270pages ; _c20 cm. |
||
| 999 |
_c288051 _d288051 |
||